Wielka własność ziemska w guberni podolskiej w pierwszej połowie XIX wieku

Titel: Wielka własność ziemska w guberni podolskiej w pierwszej połowie XIX wieku / Tadeusz Epsztein
Verfasser:
Veröffentlicht: Warszawa : Instytut Historii PAN, 2017
Umfang: 511 Seiten : Illustrationen ; 25 cm
Format: Buch
Sprache: Polnisch
Schlagworte:
ISBN: 8363352861 ; 9788363352868
Buchumschlag
X
alg: 40316153
001A    $03004:17-05-17 
001B    $01999:10-06-17 $t11:43:44.000 
001C    $03004:17-05-17 $t14:34:06.000 
001D    $03004:17-05-17 
001U    $0utf8 
001X    $00 
002@    $0Aau 
002C    $aText $btxt $2rdacontent 
002D    $aohne Hilfsmittel zu benutzen $bn $2rdamedia 
002E    $aBand $bnc $2rdacarrier 
003@    $0403161533 
003O    $0985810722 $aOCoLC 
004A    $083-63352-86-1 
004A    $A978-83-63352-86-8 
007A    $0403161533 $aHEB 
007G    $0DE0200FD3FB2B786F7452C125813A005277E9 
009P    $qapplication/pdf $A2 $3Inhaltsverzeichnis $uhttp://scans.hebis.de/HEBCGI/show.pl?40316153_toc.pdf $mV:DE-603;B:DE-Mb50 
010@    $apol 
010E    $erda 
011@    $a2017 
021A    $a@Wielka własność ziemska w guberni podolskiej w pierwszej połowie XIX wieku $hTadeusz Epsztein 
028A    $BVerfasser $4aut $71045036374 $8Epsztein, Tadeusz$Z1959- [Tp1] $9334336724 
033A    $pWarszawa $nInstytut Historii PAN 
034D    $a511 Seiten 
034I    $a25 cm 
034M    $aIllustrationen 
037A    $aZawiera tabele i wykres 
044A    $aMajątki ziemskie $2jhpk $S7 $y19 w $zUkraina $zPodole (region) 
044A    $aWielkie gospodarstwa rolne $2jhpk $S7 $y19 w $zUkraina $zPodole (region) 
044K    $ROberschicht $RWeiblicher Adel $RAristokratie $#Nobility $#Noblesse $#Nobiltà $#Nobleza $#Adel $#Adel $#Junker $#Junkertum $#Adliger $#Adeliger $#Adlige $#Uradel $74000464-8 $8Adel [Ts1] $9084991682 
044K    $#Podolʹe $#Podolʹskij kraj $#Podillja $#Podolia $#Podillia $74386758-3 $8Podolien [Tg1] $908843558X 
044K    $RBesitz $REigentum $RGrundstück $RGrundstücksrecht $RGrundeigentümer $#Land tenure $#Real property $#Propriété foncière $#Terres $#Propriété immobilière $#Propiedad rústica $#Grundeigentum $#Grundbesitz $#Bodeneigentum $#Grundbesitz $#Grundstück Eigentum $#Grundstückseigentum $#Liegenschaftseigentum $#Grundvermögen $#Immobiliareigentum $#Landbesitz $#Landeigentum $#Besitzung $74072130-9 $8Grundeigentum [Ts1] $9085202959 
045R    $aGeschichte 1800-1850 

lok: 40316153 24

exp: 40316153 24 1 #EPN
201B/01 $002-06-17 $t10:00:21.000 
201C/01 $017-05-17 
201U/01 $0utf8 
203@/01 $0806821329 
208@/01 $a17-05-17 $bz 
209A/01 $a17.02721 $du $f050 $h17 02721 $x00 
209C/01 $a17.02721 T $h17 02721 T 
209G/01 $a73543690 $x00 
220C/01 $ajwa/eng 
247C/01 $8358050-7 Marburg, Bibliothek des Herder-Instituts Marburg $9102600961 

lok: 40316153 78

exp: 40316153 78 1 #EPN
201B/01 $016-02-18 $t13:36:28.000 
201C/01 $016-02-18 
201U/01 $0utf8 
203@/01 $01018125434 
208@/01 $a16-02-18 $be 
209A/01 $a/ $f000 $x00 
209A/01 $ab*p $x01 
220C/01 $aeja 
244Z/01 $#Generalgouvernement Polen $#Polska $#Rzeczpospolita Polska $#Polska Rzeczpospolita Ludowa $#Poland $#Pologne $#République Polonaise $#Generalne Gubernatorstwo w Polsce $#Polish People's Republic $#Polska Rzeczpospolita Polen $#PRL $#RP $#Polen Generalgouvernement $#Polska Generalgouvernement $#Besetzte Polnische Gebiete $#Besetztes Gebiet in Polen $#Okupowane Polskie Obszary $#Obszary Okupowane w Polsce $#Volksrepublik Polen $#Polska Rosyjska $#Republic Polen $#Respublika Pol'ša $#Pol'skaja Narodnaja Respublika $#République de Pologne $#Polen Links der Weichsel $#Polska po Lewej Stronie Wisły $#Lenkija $#Polija $#Gubernija Carstva Pol'skago $#Republik Polen $74046496-9 $8--Tg1--Polen $x01 $9085129801 
244Z/01 $#Litauen $#Litauen $#Lithuania $#Lietuvos Respublika $#République Lithuanienne $#Lithuanie $#Litva 1918 - 1940, 1991, 9 - $#Litovskaja Respublika $#Lithuania 1918 - 1940, 1991, 9 - $#Republik Litauen $#Republic of Lithuania $#Lithuanian Republic $#Litauische Republik $#Lietuva $74074266-0 $8--Tg1--Litauen $x07 $9085209074 
244Z/01 $#Ostmitteleuropa $#Ostmitteleuropa $#Mitteleuropa, Ost $#Central Europe Ostmitteleuropa $#Mittelosteuropa $74075753-5 $8--Tg1--Ostmitteleuropa $x12 $9085214485 
247C/01 $82080>Marburg/Lahn, Herder-Institut, Forschungsbibliothek, Bibliographieportal $9336309341 

lok: 40316153 204

exp: 40316153 204 1 #EPN
201B/01 $010-12-20 $t14:25:53.000 
201C/01 $003-07-17 
201U/01 $0utf8 
203@/01 $01003006930 
208@/01 $a10-12-20 $bgUB 
209A/01 $avergriffen $dg $f000 $x00 
245S/01 $a10200 $x01 
247C/01 $8631000-x <26>Gießen, Universität Gießen, Universitätsbibliothek Gießen $9102596697 
247E/01 $an
LEADER 00000cam a2200000 c 4500
001 403161533
003 DE-603
005 20170610114344.0
007 tu
008 170517s2017 xx |||| | u00||u|pol c
020 |a 8363352861 
020 |a 9788363352868 
035 |a (DE-599)HEB403161533 
035 |a (OCoLC)985810722 
040 |a DE-603  |b ger  |c DE-603  |d DE-603  |e rda 
041 |a pol 
100 1 |a Epsztein, Tadeusz  |d 1959-  |e Verfasser  |4 aut  |0 (DE-603)334336724  |0 (DE-588)1045036374  |2 gnd 
245 0 0 |a Wielka własność ziemska w guberni podolskiej w pierwszej połowie XIX wieku  |c Tadeusz Epsztein 
264 1 |a Warszawa  |b Instytut Historii PAN  |c 2017 
300 |a 511 Seiten  |b Illustrationen  |c 25 cm 
336 |a Text  |b txt  |2 rdacontent 
337 |a ohne Hilfsmittel zu benutzen  |b n  |2 rdamedia 
338 |a Band  |b nc  |2 rdacarrier 
500 |a Zawiera tabele i wykres 
648 7 |a Geschichte 1800-1850  |2 gnd 
650 7 |a Adel  |0 (DE-588)4000464-8  |0 (DE-603)084991682  |2 gnd 
650 7 |a Grundeigentum  |0 (DE-588)4072130-9  |0 (DE-603)085202959  |2 gnd 
651 7 |a Podolien  |0 (DE-588)4386758-3  |0 (DE-603)08843558X  |2 gnd 
856 4 2 |m V:DE-603;B:DE-Mb50  |q application/pdf  |u http://scans.hebis.de/HEBCGI/show.pl?40316153_toc.pdf  |3 Inhaltsverzeichnis 
924 0 |9 Mb 50  |a (DE-603)806821329  |b DE-Mb50  |c HES  |d c  |g 17.02721 
924 0 |9 2080  |a (DE-603)1018125434  |b DE-2080  |c HES  |d d  |g / 
924 0 |9 26  |a (DE-603)1003006930  |b DE-26  |c HES  |d d  |g vergriffen